000 00692nam a2200229Ia 4500
001 8508
003 GE_BSU
008 181216s||||||||xx |||||||||||||| ||und||
040 _cGE_BSU
080 _a821.353.1-31
100 _aვადაჭკორია,შოთა.
245 _aმზის თვალი.
245 _bრომანი.
245 _cრედ:რ.თვარაძე;მხატვ:შ.ნიორაძე.
260 _aთბილისი.
260 _bსაბჭ.საქართველო
260 _c1977.
300 _a310გვ;20სმ.
653 _aმზის თვალი.
653 _aრომანი.
942 _cBK
999 _c41825
_d41825